LEADER 01293nam a2200301 a 4500 001 000000137472 003 CaOOAMICUS 005 20140225100552.0 008 140225s2002 gw u000 u ger r 020 $z3825849961* 040 $aPUL$bita 082 04$a270.3 100 1 $aCygler, Florent.$0(OLS)http://pul/name/88598 245 14$aDas Generalkapitel im hohen Mittelalter :$bCisterzienser, Pramonstratenser, Kartauser und Cluniazenser /$cFlorent Cygler. 260 $aMünster :$bLIT,$c©2002. 300 $aVIII, 531 p. ;$c24 cm 490 1 $aVita regularis ;$v12 504 $aBibliografia p. [487]-525. 650 4$aMonachismo e ordini religiosi.$0(OLS)http://pul/subject/757 830 0$aVita regularis ;$v12.$0(OLS)http://pul/title/174041 850 $aPUL 852 $aPUL$W1$xSL Religione 3$y85$m270. 3 COLL 1.1.12$j158477$qDDC 21$B157994$CPULBib$Z2$F157994 $H123510 $82 941 1 $a9 996 $6020$z3825849961*$9(OLS)http://pul/number/154580 996 $6082$a270.3$9(OLS)http://pul/classification/2546 996 $6245$aDas Generalkapitel im hohen Mittelalter :$bCisterzienser, Pramonstratenser, Kartauser und Cluniazenser$9(OLS)http://pul/title/174044 996 $6260$aMünster :$bLIT$9(OLS)http://pul/publisher/72107 LEADER 01661nam a2200361 a 4500 001 000000150920 003 CaOOAMICUS 005 20160401115338.0 008 160401s2016 it u000 u ita r 020 $a9788814209857* 032 $aLibriCat 040 $aPUL$bita 082 04$a346.4501 100 1 $aChindemi, Domenico.$0(OLS)http://pul/name/96038 245 10$aMantenimento del coniuge e dei figli nella separazione e nel divorzio / $cDomenico Chindemi, Antonella Leonardi. 260 $aMilano :$bGiuffrè,$c©2016. 300 $aX, 558 p. ;$c24 cm. 490 1 $aTeoria e pratica maior. Civile e processo 500 $aIn cop.: Aggiornato alla L. n. 208/2015 (Stabilità 2016). 504 $aBibliografia in nota. 650 4$aDivorzio$xRapporti patrimoniali.$0(OLS)http://pul/subject/33374 650 4$aAffidamento$xDiritto e legislazione.$0(OLS)http://pul/subject/22533 650 4$aFamiglia (diritto)$zItalia.$0(OLS)http://pul/subject/7144 700 1 $aLeonardi, Antonella.$0(OLS)http://pul/name/96039 830 0$aTeoria e pratica maior.$pCivile e processo.$0(OLS)http://pul/title/190105 850 $aPUL 852 $aPUL$W1$xSL Diritto e Scienze Sociali 3$y79$m346. 4501 CHIDO 1$j173320$qDDC 21$B175530$CPULBib$Z2$F175530 $H127524 $81 941 1 $a9 996 $6020$a9788814209857*$9(OLS)http://pul/number/160169 996 $6082$a346.4501$9(OLS)http://pul/classification/451 996 $6245$aMantenimento del coniuge e dei figli nella separazione e nel divorzio / $9(OLS)http://pul/title/190104 996 $6260$aMilano :$bGiuffrè$9(OLS)http://pul/publisher/48401